| 000 -LEADER | |
|---|---|
| fixed length control field | 00399nam a22001697a 4500 |
| 005 - DATE AND TIME OF LATEST TRANSACTION | |
| control field | 20160630150256.0 |
| 008 - FIXED-LENGTH DATA ELEMENTS--GENERAL INFORMATION | |
| fixed length control field | 160630b xxu||||| |||| 00| 0 eng d |
| 020 ## - INTERNATIONAL STANDARD BOOK NUMBER | |
| ISBN | 978-93-5027-124-7 |
| 041 ## - LANGUAGE CODE | |
| Language code of text/sound track or separate title | eng |
| 082 ## - DEWEY DECIMAL CLASSIFICATION NUMBER | |
| Item number | 19934 |
| 100 ## - MAIN ENTRY--AUTHOR NAME | |
| Personal name | Aggarwal RS |
| 245 ## - TITLE STATEMENT | |
| Title | Mathematics Class XII |
| 260 ## - PUBLICATION, DISTRIBUTION, ETC. (IMPRINT) | |
| Name of publisher | Bharti Bhawan |
| Year of publication | 2015 |
| 300 ## - PHYSICAL DESCRIPTION | |
| Number of Pages | 1383 |
| 650 ## - SUBJECT ADDED ENTRY--TOPICAL TERM | |
| Topical Term | Diploma Engineering |
| 942 ## - ADDED ENTRY ELEMENTS (KOHA) | |
| Koha item type | Books |
| Lost status | Damaged status | Home library | Current library | Date acquired | Cost, normal purchase price | Full call number | Accession Number | Koha item type | Collection code | Shelving location |
|---|---|---|---|---|---|---|---|---|---|---|
| Lost and Paid For | JRU Library | 30/06/2016 | 515.00 | 19934 | 19934 | Books | ||||
| JRU Library | 30/06/2016 | 515.00 | 19934 | 19935 | Books | CS/IT | SHELF-57-A | |||
| JRU Library | 30/06/2016 | 515.00 | 19934 | 19936 | Books | CS/IT | SHELF-57-A | |||
| JRU Library | 30/06/2016 | 515.00 | 19934 | 19937 | Books | CS/IT | SHELF-57-A | |||
| JRU Library | 30/06/2016 | 515.00 | 19934 | 19938 | Books | CS/IT | SHELF-57-A | |||
| JRU Library | 30/06/2016 | 515.00 | 19934 | 19939 | Books | CS/IT | SHELF-57-A | |||
| JRU Library | JRU Library | 30/06/2016 | 515.00 | 19934 | 19940 | Books | CS/IT | SHELF-57-A | ||
| JRU Library | 30/06/2016 | 515.00 | 19934 | 19941 | Books | CS/IT | SHELF-57-A | |||
| JRU Library | 30/06/2016 | 515.00 | 19934 | 19942 | Books | CS/IT | SHELF-57-A | |||
| JRU Library | 30/06/2016 | 515.00 | 19934 | 19943 | Books | CS/IT | SHELF-57-A |